AH International Schools' Libraries

I see summer / (Record no. 50156)

MARC details
000 -LEADER
fixed length control field 00310nam a2200109 4500
020 ## - INTERNATIONAL STANDARD BOOK NUMBER
International Standard Book Number 9781404868526
100 ## - MAIN ENTRY--PERSONAL NAME
Personal name Ghigna, Charles
9 (RLIN) 39057
245 ## - TITLE STATEMENT
Title I see summer /
Statement of responsibility, etc Charles Ghigma & Ag Jatkowska
260 ## - PUBLICATION, DISTRIBUTION, ETC. (IMPRINT)
Place of publication, distribution, etc Minnesota
Name of publisher, distributor, etc Picture Window Books
Date of publication, distribution, etc 2012
300 ## - PHYSICAL DESCRIPTION
Extent unpaged.
Other physical details col. ill.
Dimensions 21 cm.
942 ## - ADDED ENTRY ELEMENTS (KOHA)
Source of classification or shelving scheme
Koha item type Book
Holdings
Withdrawn status Lost status Source of classification or shelving scheme Damaged status Not for loan Collection code Home library Current library Shelving location Date acquired Total Checkouts Full call number Barcode Date last seen Price effective from Koha item type
          TEACHERS' RESOURCES Asian Hope Early Years Library Asian Hope Early Years Library Easy Reading 02/06/2026   E GHI 209991 02/06/2026 02/06/2026 Book

For any Logos Library related questions please contact Miss Art at swongnarasuk@asianhope.org.

For any Asian Hope Library related questions please contact Miss Raza at graza@asianhope.org.

Powered by Koha